000 00787nam a22002537a 4500
001 BR8902145
003 BR-BrBNA
005 20230928093216.0
007 ta
008 230509b bl.||||| |||| 00| 0 por d
040 _aBR-BrBNA
_bpor
_cBiblioteca Nacional de Agricultura
041 _a(Por)
072 _aE14
_b/G514
090 _ E14 BR8902145
110 1 _aUnidade Regional de Supervisao Norte de Planejamento Agricola, Belem, PA (Brasil)
_910410
245 1 _aRelatorio Tecnico Anual, 1979 [Unidade Regional de Supervisao Norte de Planejamento Agricola]
260 3 _aBelem, PA (Brasil):
_c1979.
300 _a32 p.
650 _aDESENVOLVIMENTO AGRICOLA
650 _aPROJETO DE DESENVOLVIMENTO
650 _aPARA
909 _a202309
_bLucia
_c55
_dLucia Elande
942 _cBK
999 _c43632
_d43632